000 00988cab a22001935a 4500
001 L144452
008 080721s2008 xxkad f s 000 0 eng d
035 _a(Sirsi) u144452
041 0 _aeng
110 2 _aAsiaProperty
_95571
245 0 0 _aChina
260 _c2008
490 0 _aAsia Property
_vMay 2008, 21-29(9)
520 _aSurveys the Chinese property market. Reports that anti-inflation measures have placed obstacles in the way for property investors, but the potential for high returns remains good. Lists major policy initiatives affecting property. Explains how socio-economic, demographic and legal changes are driving the development of the residential property market to ever-higher levels. Reports that there is no evidence of the sub-prime crisis affecting Shanghai. Reports on how the Olympics 2012 have impacted on the Beijing property market.
590 _aKA
651 4 _aChina
690 _aPROPERTY-COMMERCIAL PROPERTY-COMMERCIAL PROPERTY MARKET
942 _n0
999 _c80470
_d80470